000 00391nam a22001337a 4500
020 _a9787510452130
082 _a307-76
_bCHU
100 _aXie Chuntao (Editor)
245 _aChina's urbanization: migration by the millions
_cedited by Xie Chuntao
260 _aBeijing
_bNew World Press
_c2014
300 _a236p
942 _2ddc
_cBK
999 _c587898
_d587898